| 000 | 00607nam a2200193 i 4500 | ||
|---|---|---|---|
| 001 | 188960 | ||
| 003 | ES-MaACL | ||
| 005 | 20230906223336.0 | ||
| 008 | 190306s1969 sp |||| | cat d | ||
| 100 | 0 |
_aEly, David. _947129 |
|
| 245 | 1 | 0 |
_aSubstituts / _cDavid Ely ; [traduccion de Rosa María Padros]. |
| 260 |
_aBarcelona : _bEdiciones 62, _c[1969] |
||
| 300 |
_a119 p. ; _c18 cm. |
||
| 490 | 1 |
_aCol·lecció "La Cua de Palla" ; _v67 |
|
| 700 | 1 |
_aPadrós, Rosa María. _9166546 |
|
| 830 | 0 |
_aCol·lecció "La Cua de Palla" ; _v67 _9193174 |
|
| 852 |
_aES-MaACL _jP-507-Bis-34 |
||
| 999 |
_c188960 _d188960 |
||